00488 2200181 4500001002100000005001500021008004100036020002200077035001900099041000700118082000800125090001400133100001900147245005000166260004600216300002700262650001700289INLIS00000000000291420241224112626241224||||||||| | ||| |||| || |  a978-979-22-4943-9 0010-1224002914 aen0 a813 a813 KAT t0 aKate Dicamillo00aThe Magician's Elephant : Gajah Sang Penyihir aJakartabPT. Gramedia Pustaka Utamac2009 a152 hlm.; ilus.: 20 cm 0aKesusastraan